Visión prospectiva y estratégica del consejo comunitario de las comunidades negras de la cuenca baja del Río Calima (Registro nro. 20734)
[ vista simple ]
| 000 -CABECERA | |
|---|---|
| Campo de control | 00907nam a22002177a 4500 |
| 005 - FECHA Y HORA DE LA ULTIMA TRANSACCION | |
| Campo de control | 20200127103308.0 |
| 008 - ELEMENTOS DE LONGITUD FIJA—INFORMACION GENERAL | |
| Campo de control | 200127b xxu||||| |||| 00| 0 spa d |
| 040 ## - FUENTE DE CATALOGACIÓN | |
| Agencia catalogadora original | CO-BoIAVH |
| Agencia transcriptora | CO-BoIAVH |
| 041 ## - IDIOMA | |
| Código de idioma para texto/pista de sonido o título separado | Español |
| 044 ## - PAÍS DE PUBLICACIÓN | |
| País de publicación | Colombia |
| 110 ## - ASIENTO PRINCIPAL--NOMBRE CORPORATIVO | |
| 9 (RLIN) | 102371 |
| Nombre corporativo o de jurisdicción como elemento de entrada | Consejo Comunitario Bajo Calima |
| 245 ## - MENCION DE TITULO | |
| Título | Visión prospectiva y estratégica del consejo comunitario de las comunidades negras de la cuenca baja del Río Calima |
| Mención de responsabilidad | Consejo Comunitario Bajo Calima, apoyo técnico Fundación FUNDAPAV |
| 260 ## - PUBLICACION, DISTRIBUCION, ETC. (PIE DE IMPRENTA) | |
| Lugar de publicación, distribución, etc. | s.l, |
| Nombre del editor, distribuidor, etc. | Consejo Comunitario Bajo Calima |
| Fecha de publicación, distribución, etc. | s.f |
| 300 ## - DESCRIPCION FISICA | |
| Extensión | 31 páginas, |
| Otros detalles físicos | Fotografías y formas a color, |
| Dimensiones | 21.4 x 27.8 cm |
| 650 #0 - ASIENTO SECUNDARIO DE MATERIA - TERMINO TEMATICO | |
| 9 (RLIN) | 97742 |
| Término temático o nombre geográfico como elemento de entrada | Programas de mejoramiento |
| 650 #0 - ASIENTO SECUNDARIO DE MATERIA - TERMINO TEMATICO | |
| 9 (RLIN) | 65110 |
| Término temático o nombre geográfico como elemento de entrada | Comunidades negras |
| Subdivisión de forma | Cuenca baja |
| Subdivisión geográfica | Río Calima |
| 650 #0 - ASIENTO SECUNDARIO DE MATERIA - TERMINO TEMATICO | |
| 9 (RLIN) | 65405 |
| Término temático o nombre geográfico como elemento de entrada | Prospección |
| 650 #0 - ASIENTO SECUNDARIO DE MATERIA - TERMINO TEMATICO | |
| 9 (RLIN) | 97734 |
| Término temático o nombre geográfico como elemento de entrada | Aspectos sociales |
| Subdivisión geográfica | Río Calima |
| 710 ## - ASIENTO SECUNDARIO - NOMBRE CORPORATIVO | |
| 9 (RLIN) | 102361 |
| Nombre corporativo o de jurisdicción como elemento de entrada | Fundación FUNDAPAV |
| Término de relación | Apoyo técnico |
| 942 ## - ELEMENTOS ADICIONALES (KOHA) | |
| Sistema de clasificación | Dewey Decimal Classification |
| Tipo de ítem | Folleto |
| Withdrawn status | Lost status | Sistema de Clasificación | Damaged status | No para préstamo | Colección | Ubicación Permanente | Ubicación actual | Fecha de adquisición | Total Checkouts | Número topográfico | Inventario / Código de Barras | Date last seen | Ejemplar | Price effective from | Forma de adquisición | Tipo de material |
|---|---|---|---|---|---|---|---|---|---|---|---|---|---|---|---|---|
| Dewey Decimal Classification | Hemeroteca | Bogotá | Bogotá | 27/01/2020 | FG-0387 | 034503 | 27/01/2020 | Ej. 2 | 27/01/2020 | Donación | Folleto | |||||
| Dewey Decimal Classification | Hemeroteca | Bogotá | Bogotá | 27/01/2020 | FG-0387 | 034502 | 27/01/2020 | Ej. 1 | 27/01/2020 | Donación | Folleto |